Die Gartenbauwissenschaft

محفوظ في:

التنسيق: دورية

اللغة: Undetermined

منشور في: JSTOR

الموضوعات:

الوصول للمادة أونلاين: Login to view Source

الوسوم: إضافة وسم

لا توجد وسوم, كن أول من يضع وسما على هذه التسجيلة!

رقم الطلب:

LEADER 00591nas a2200181Ia 4500
008 220214c99999999xx |||||||||||| ||und||
022 |a 0016-478X 
022 |a 2364-6047 
245 0 0 |a Die Gartenbauwissenschaft 
264 1 |b JSTOR 
362 0 |a Vol. 1(1929)-67 (2002) 
500 |a Coverage for this title ends with Volume 79, Issue 5, October 2014. 
653 1 0 |a Horticulture 
653 1 0 |a Science & Mathematics 
856 4 0 |u https://www.jstor.org/journal/gartenbauwissen 
942 |c JL 
952 |0 0  |1 0  |4 0  |7 1  |9 35022  |a JSR  |b JSR  |d 2022-02-14  |l 0  |r 2022-02-14 00:00:00  |w 2022-02-14  |y JL 
999 |c 43355  |d 43355